|
|
|
|
| LEADER |
00000cam a22000004a 4500 |
| 001 |
musev2_46489 |
| 003 |
MdBmJHUP |
| 005 |
20230905044847.0 |
| 006 |
m o d |
| 007 |
cr||||||||nn|n |
| 008 |
160526t20162016quc o 00 0 fre d |
| 020 |
|
|
|a 9782760544949
|
| 020 |
|
|
|z 9782760544932
|
| 035 |
|
|
|a (OCoLC)953222844
|
| 040 |
|
|
|a MdBmJHUP
|c MdBmJHUP
|
| 100 |
1 |
|
|a Pregent, Édith,
|d 1962-
|
| 245 |
1 |
0 |
|a Préservation des objets religieux :
|b La statuaire religieuse en plâtre du Québec /
|c Édith Pregent.
|
| 264 |
|
1 |
|a Quebec, Quebec :
|b Presses de l'Universite du Quebec,
|c [2016]
|
| 264 |
|
3 |
|a Baltimore, Md. :
|b Project MUSE,
|c 2016
|
| 264 |
|
4 |
|c ©[2016]
|
| 300 |
|
|
|a 1 online resource (146 pages):
|b illustrations
|
| 336 |
|
|
|a text
|b txt
|2 rdacontent
|
| 337 |
|
|
|a computer
|b c
|2 rdamedia
|
| 338 |
|
|
|a online resource
|b cr
|2 rdacarrier
|
| 490 |
0 |
|
|a Collection Nouveaux Patrimoines
|
| 500 |
|
|
|a Presente à l'origine comme memoire (de maitrise de l'auteur--Universite du Quebec à Montreal), 2013.
|
| 505 |
0 |
|
|a Couverture; Presentation de la collection Nouveaux patrimoines; Remerciements; Table des matieres; Introduction; Mise en contexte; Cadre problematique; Identification du corpus; Chapitre 1 -- La statuaire religieuse en plâtre au Quebec; L'omnipresence du plâtre dans les eglises du Quebec; L'origine et la naturede la statuaire religieuse en plâtre; L'origine de la statuaire religieuse en plâtre; La nature de la statuaire religieuse en plâtre; L'atelier de statuaires montrealaisT. Carli-Petrucci; La statuaire religieuse en plâtre dans l'histoire de l'art du Quebec.
|
| 505 |
0 |
|
|a Chapitre 2 -- Les valeurs patrimoniales de la statuaire religieuse en plâtre au QuebecUn bref survol du processus de patrimonialisation; Le patrimoine de proximite et la conservation in situ dans la patrimonialisation de la statuaire religieuse en plâtre; La valeur de significativite dans le processus de patrimonialisation; Chapitre 3 -- Les valeurs museales de la statuaire religieuse en plâtre au Quebec; Un bref survol du processus de musealisation; La patrimonialisation comme premisse à la musealisation; La statuaire religieuse en plâtre au musee; Conclusion; Bibliographie.
|
| 588 |
|
|
|a Description based on print version record.
|
| 650 |
|
7 |
|a Statues.
|2 fast
|0 (OCoLC)fst01132151
|
| 650 |
|
7 |
|a Religious articles.
|2 fast
|0 (OCoLC)fst01093939
|
| 650 |
|
7 |
|a Plaster sculpture.
|2 fast
|0 (OCoLC)fst01066420
|
| 650 |
|
7 |
|a Christian art and symbolism.
|2 fast
|0 (OCoLC)fst00858904
|
| 650 |
|
6 |
|a Objets religieux
|z Quebec (Province)
|
| 650 |
|
6 |
|a Plâtres (Art)
|z Quebec (Province)
|
| 650 |
|
6 |
|a Statues
|z Quebec (Province)
|
| 650 |
|
0 |
|a Christian art and symbolism
|z Quebec (Province)
|
| 650 |
|
0 |
|a Religious articles
|z Quebec (Province)
|
| 650 |
|
0 |
|a Plaster sculpture
|z Quebec (Province)
|
| 650 |
|
0 |
|a Statues
|z Quebec (Province)
|
| 651 |
|
7 |
|a Quebec.
|2 fast
|0 (OCoLC)fst01207316
|
| 655 |
|
7 |
|a Exhibition catalogs.
|2 fast
|0 (OCoLC)fst01424028
|
| 655 |
|
7 |
|a Electronic books.
|2 local
|
| 730 |
0 |
|
|a Auteurs UQAM.
|
| 710 |
2 |
|
|a Project Muse.
|e distributor
|
| 830 |
|
0 |
|a Book collections on Project MUSE.
|
| 856 |
4 |
0 |
|z Texto completo
|u https://projectmuse.uam.elogim.com/book/46489/
|
| 945 |
|
|
|a Project MUSE - Custom Collection
|
| 945 |
|
|
|a Project MUSE - 2016 Archaeology and Anthropology
|
| 945 |
|
|
|a Project MUSE - 2016 Complete
|